| 000 | 00382nam a2200133Ia 4500 | ||
|---|---|---|---|
| 008 | 240112s1975(JAN-JULY) xx 000 0 und d | ||
| 041 | _aeng | ||
| 082 | _a543.705 | ||
| 100 | _aAPPLETON H.D. | ||
| 245 | _aCLINICAL CHEMISTRY :JOURNAL OF THE AMERICAN ASS.OF THE CLINICAL CHEMISTS | ||
| 260 |
_bPAUL B.HARPER _c1975(JAN-JULY) |
||
| 300 |
_a4320,HB _c(1-5) |
||
| 440 | _v21 | ||
| 999 |
_c1140806 _d1140806 |
||